Les chefs doeuvre de la Galerie de Tableaux de l´Ermitage Imperial a St. Petersbourg (Record no. 5369)

MARC details
000 -CABECERA
campo de control de longitud fija 00818nam a2200241 a 4500
001 - NÚMERO DE CONTROL
campo de control BRCA_5676
005 - FECHA Y HORA DE LA ÚLTIMA TRANSACCIÓN
campo de control 20190320205158.0
008 - DATOS DE LONGITUD FIJA--INFORMACIÓN GENERAL
campo de control de longitud fija 180211s1909----enka######---#000-0#fre-#
041 ## - CÓDIGO DE LENGUA
Código de lengua del texto/banda sonora o título independiente fre
044 ## - CÓDIGO DEL PAÍS DE LA ENTIDAD EDITORA/PRODUCTORA
Código MARC del país enk
050 #4 - SIGNATURA TOPOGRÁFICA DE LA BIBLIOTECA DEL CONGRESO
Número de clasificación N3350
Número de documento/Ítem .W73 1909
100 1# - ENTRADA PRINCIPAL--NOMBRE DE PERSONA
Nombre de persona Wrangell, Nikolai Nikolaevich
Títulos y otros términos asociados al nombre Baron
Fechas asociadas al nombre 1882-1915
9 (RLIN) 14423
245 10 - MENCIÓN DE TÍTULO
Título Les chefs doeuvre de la Galerie de Tableaux de l´Ermitage Imperial a St. Petersbourg
Mención de responsabilidad, etc. Nicolas Wrangell.
260 ## - PUBLICACIÓN, DISTRIBUCIÓN, ETC.
Lugar de publicación, distribución, etc. Londres
Nombre del editor, distribuidor, etc. Franz Hanfstaengl
Fecha de publicación, distribución, etc. 1909
300 ## - DESCRIPCIÓN FÍSICA
Extensión xxxii p.
Otras características físicas il., 239 láminas
Dimensiones 27 cm.
500 ## - NOTA GENERAL
Nota general El apellido del autor en ruso es Vrangel
500 ## - NOTA GENERAL
Nota general F146
610 24 - PUNTO DE ACCESO ADICIONAL DE MATERIA--NOMBRE DE ENTIDAD CORPORATIVA
Nombre de entidad corporativa o nombre de jurisdicción como elemento de entrada Galerie de Tableaux de l´Ermitage Imperial a St. Petersbourg
9 (RLIN) 14424
650 14 - PUNTO DE ACCESO ADICIONAL DE MATERIA--TÉRMINO DE MATERIA
Término de materia o nombre geográfico como elemento de entrada Pinturas
Subdivisión geográfica Leningrado
9 (RLIN) 14425
651 #4 - PUNTO DE ACCESO ADICIONAL DE MATERIA--NOMBRE GEOGRÁFICO
Nombre geográfico Ermitazh (Leningrado)
9 (RLIN) 14426
902 ## - CATALOGADOR
Iniciales GFM
942 ## - ELEMENTOS DE PUNTO DE ACCESO ADICIONAL (KOHA)
Fuente del sistema de clasificación o colocación Library of Congress Classification
Tipo de ítem Koha Libros
Holdings
Estado de retiro Estado de pérdida Estado dañado No para préstamo Localización permanente Ubicación/localización actual Fecha de adquisición Número de inventario Total de préstamos Signatura topográfica completa Código de barras Fecha visto por última vez Precio válido a partir de Tipo de ítem Koha
El ejemplar forma parte de la colección y puede ser consultado según las políticas vigentes.       Biblioteca del Museo Franz Mayer (Rogerio Casas-Alatriste) Biblioteca del Museo Franz Mayer (Rogerio Casas-Alatriste) 18/02/2011 F146   N3350 .W73 1909 (F146) 6112 22/03/2019 22/03/2019 Libros